Statistics for Latin America Capitals

Click here to take the quiz!

General Stats

  • This quiz has been taken 192 times
  • The average score is 19 of 24

Answer Stats

HintAnswer% Correct
ArgentinaBuenos Aires
98%
BrazilBrasilia
95%
PeruLima
94%
ChileSantiago
93%
CubaHavana
91%
MexicoMexico City
91%
ColombiaBogota
90%
UruguayMontevideo
89%
PanamaPanama City
89%
El SalvadorSan Salvador
87%
BoliviaSucre/La Paz
87%
VenezuelaCaracas
84%
EcuadorQuito
83%
Costa RicaSan Jose
82%
ParaguayAsuncion
79%
GuatemalaGuatemala City
76%
JamaicaKingston
76%
Dominican RepublicSanto Domingo
71%
GuyanaGeorgetown
69%
NicaraguaManagua
69%
HondurasTegucigalpa
64%
HaitiPort-au-Prince
62%
SurinameParamaribo
59%
BelizeBelmopan
49%

Score Distribution

Percentile by Number Answered

Percent of People with Each Score

Your Score History

You have not taken this quiz